Library Banner

The Talmud, Selections from the Contents of That Ancient book, Its Commentaries, teachings, Poetry and Legends (Record no. 94924)

MARC details
000 -LEADER
fixed length control field 00475nam a22001457a 4500
005 - DATE AND TIME OF LATEST TRANSACTION
control field 20180312125851.0
008 - FIXED-LENGTH DATA ELEMENTS--GENERAL INFORMATION
fixed length control field 170706b xxu||||| |||| 00| 0 eng d
040 ## - CATALOGING SOURCE
Transcribing agency PK-LaUMT
082 ## - DEWEY DECIMAL CLASSIFICATION NUMBER
Classification number ZIAC 296.12
Item number POL-T
100 ## - MAIN ENTRY--PERSONAL NAME
Personal name Polano , H. (Trans.)
245 ## - TITLE STATEMENT
Title The Talmud, Selections from the Contents of That Ancient book, Its Commentaries, teachings, Poetry and Legends
Statement of responsibility, etc Polano , H. (Trans.)
260 ## - PUBLICATION, DISTRIBUTION, ETC. (IMPRINT)
Place of publication, distribution, etc London:
Name of publisher, distributor, etc Frederick warne,
Date of publication, distribution, etc [ ]
300 ## - PHYSICAL DESCRIPTION
Extent 359 p.
942 ## - ADDED ENTRY ELEMENTS (KOHA)
Koha item type Books
Holdings
Withdrawn status Lost status Damaged status Home library Current library Date acquired Full call number Barcode Date last seen Price effective from Koha item type
      UMT Main Campus UMT Main Campus 2017-07-06 ZIAC 296.12 POL-T 110591 2017-07-06 2017-07-06 Books